00527nam a22001697a 450000500170000001000310001702000260004803500170007403700300009108200150012110000190013624500900015526000330024527000380027830000210031650000200033720180502094018.0 a1718EN-30 B-686983-995  a9789352645251c399.00 aB-686983-995 bIndex International adpl a954.035092 aShourie, Arun  aDoes he know a mother's heart? :cby Arun Shouriebhow suffering refutes religions /  c2011aNoida bHarperCollins  aA-75, Sector-57, bNoida e201301 c25cm(Hb)a435p.  aIncludes index